| 000 | 00715aam a2200277 4500 | ||
|---|---|---|---|
| 005 | 20250724164457.0 | ||
| 008 | 150618b2001 xxu||||| |||| 00| 0 spa d | ||
| 020 | _a9879818229 | ||
| 041 | _aESP | ||
| 082 | _a364.155.54 C245l | ||
| 100 |
_aCapolupo, Enrique Rodolfo _925801 |
||
| 245 | _aLadrones de inocencia | ||
| 260 | _aUruguay | ||
| 260 | _bCalle de Campomanes | ||
| 260 | _c2001 | ||
| 300 | _a416 páginas | ||
| 490 | _aInvestigación Criminal | ||
| 650 | _aABUSO DEL NIÑO | ||
| 650 | _aABUSO SEXUAL | ||
| 650 | _aSITUACIÓN SOCIAL | ||
| 650 | _aPEDOFILIA | ||
| 650 | _aPROSTITUCIÓN INFANTIL | ||
| 650 | _aPORNOGRAFÍA INFANTIL | ||
| 650 | _aTURISMO SEXUAL INFANTIL | ||
| 942 |
_cBK _2ddc |
||
| 999 |
_c1394 _d1394 |
||